Crystal Palace Squad 2014-2015 - Statistics

General Stats
  • This quiz has been taken 9 times
  • The average score is 19 of 35
Answer Stats
# Position Nation Player % Correct
18 MF Scotland James McArthur
100%
1 GK Argentina Julián Speroni
100%
11 FW Ivory Coast Wilfried Zaha
100%
7 FW DR Congo Yannick Bolasie
100%
2 DF England Joel Ward
89%
15 MF Australia Mile Jedinak
89%
- Coach England Alan Pardew
78%
4 DF Norway Brede Hangeland
78%
29 FW Morocco Marouane Chamakh
78%
6 DF England Scott Dann
78%
13 GK Wales Wayne Hennessey
78%
3 DF Jamaica Adrian Mariappa
67%
27 DF Ireland Damien Delaney
67%
16 FW England Dwight Gayle
67%
42 FW England Jason Puncheon
67%
28 MF Wales Joe Ledley
67%
17 FW England Glenn Murray
56%
24 FW South Korea Chung-yong Lee
44%
10 FW England Fraizer Campbell
44%
22 MF England Jordon Mutch
44%
9 FW Ireland Kevin Doyle
44%
34 DF England Martin Kelly
44%
- Coach England Neil Warnock
44%
40 DF Senegal Pape Souaré
44%
23 FW Nigeria Shola Ameobi
44%
20 MF Wales Jonathan Williams
33%
- Coach England Keith Millen
33%
9 FW France Yaya Sanogo
33%
14 FW England Jerome Thomas
22%
25 MF Scotland Barry Bannan
11%
30 GK Wales Lewis Price
11%
32 DF England Peter Ramage
11%
17 FW England Andy Johnson
0%
26 GK Scotland Chris Kettings
0%
35 MF Ireland Owen Garvan
0%
No matching quizzes found
Score Distribution
Percent of People with Each Score
Percentile by Number Answered
Your Score History
You have not taken this quiz